000 03547cam a22003254a 4500
001 14677
003 BD-RjUL
005 20211208235654.0
008 140208s2011 flua b 001 0 eng
020 _a9781439809556 (hardback)
020 _a1439809550 (hardback)
035 _a(OCoLC)14731
040 _aDLC
_cDLC
_dYDX
_dBTCTA
_dYDXCP
_dCDX
_dBD-RjUL
_beng
041 _aeng
082 0 0 _a547.7
_222
_bCAP 2011
100 1 _aCarraher, Charles E.,
_d1941-
_945743
245 1 0 _aCarraher's polymer chemistry.
246 3 0 _aPolymer chemistry
250 _a8th ed. /
260 _aBoca Raton, FL :
_bCRC Press,
_cc2011.
300 _axxxvi, 788 p. :
_bill. ;
_c27 cm.
504 _aIncludes bibliographical references and index.
520 _a"Updated to reflect a growing focus on green chemistry in the scientific community and in compliance with the American Chemical Society's Committee on professional training guidelines, Carraher's polymer chemistry, eighth edition integrates the core areas that contribute to the growth of polymer science. It supplies the basic understanding of polymers essential to the training of science, biomedical, and engineering students. New in the eighth edition: updating of analytical, physical, and special characterization techniques. Increased emphasis on carbon nanotubes, tapes and glues, butyl rubber, polystyrene, polypropylene, polyethylene, poly(ethylene glycols), shear-thickening fluids, photo-chemistry and photophysics, dental materials, and aramids. New sections on copolymers, including fluoroelastomers, nitrile rubbers, acrylonitrile-butadiene-styrene terpolymers, and EPDM rubber. New units on spliceosomes, asphalt, and fly ash and aluminosilicates. Larger focus on the molecular behavior of materials, including nano-scale behavior, nanotechnology, and nanomaterials. Continuing the tradition of providing a user-friendly approach to the world of polymeric materials, the book allows students to integrate their chemical knowledge and establish a connection between fundamental and applied chemical information. It contains all of the elements of an introductory text with synthesis, property, application, and characterization. Special sections in each chapter contain definitions, learning objectives, questions, and additional reading, and case studies are woven into the text fabric. Symbols, trade names, websites, and other useful ancillaries appear in appendices to supplement the text"--Provided by publisher.
520 _a"This new edition of Carraher's Polymer Chemistry maintains the scope and organization of its bestselling predecessors, while fulfilling the ACS-CPT advanced course requirement. Emphasizing the fundamental behavior of polymers in nature reflected in technological developments, it features new chapters on composites, fibers, and naturally occurring polymers in plants and animals. It also highlights nanoscale polymer applications with new sections on drug design, electronics, optical fibers, textiles, and adhesives. Each chapter includes study tips, glossaries, and exercises. This edition also expands listings for lab exercises, polymer structures, trade names, and Internet resources. Professors adopting the text will be aided by a test-bank available for their exclusive use"--Provided by publisher.
650 0 _aPolymers.
_945744
650 0 _aPolymerization.
_945745
700 1 _aSeymour, Raymond B.
_q(Raymond Benedict),
_d1912-1991.
_tSeymour/Carraher's polymer chemistry.
_945746
942 _2ddc
_cBK
999 _c14677
_d14677